000 00645nam a2200301Ia 4500
005 20260401122203.0
008 008 250103s9999 xx 000 0 eng d
020 _a8175300531
037 _aTB
040 _aEDL
040 _beng
040 _cEDL
041 _2eng
041 _aeng
084 _a894.8142 KAR
084 _qEDL
100 _aKarnad, Girish
_91232851
245 0 _aTale-Danda
245 0 _cKarnad, Girish
260 _aDelhi
260 _bRavi Dayal Publisher
260 _c1993
300 _a91p
942 _cTB
942 _h894.8142 KAR
999 _c1845494
_d1845494